000 00272nam a22001337a 4500
003 SGT
082 _a370
_bP16S
100 _aSAIMONS, DR. S. KIRAN
245 _aPARENTING
260 _aNEW DELHI
_bAPH PUB
_c2016
300 _a141
650 _aEDUCATION
942 _2ddc
_cBK
999 _c12213
_d12213